pretty isn't pretty - Olivia Rodrigo - Statistics

General Stats
  • This quiz has been taken 52 times
    24 since last reset
  • The average score is 243 of 279
Answer Stats
Hint Answer % Correct
a
100%
I
100%
my
100%
the
100%
and
95%
And
95%
But
95%
but
95%
face
95%
in
95%
isn't
95%
of
95%
on
95%
pretty
95%
Pretty
95%
so
95%
to
95%
try
95%
up
95%
you
95%
Verse 2 You
95%
always
90%
bed
90%
birthdays
90%
body
90%
Verse 1 Bought
90%
bought
90%
bunch
90%
cake
90%
change
90%
could
90%
cover
90%
do
90%
do?
90%
eatin'
90%
every
90%
it
90%
it's
90%
It's
90%
keepin'
90%
lipstick
90%
makeup
90%
mirror
90%
new
90%
shade
90%
some
90%
somethin'
90%
stay
90%
stopped
90%
that
90%
there's
90%
There's
90%
think
90%
what
90%
Chorus When
90%
calm
85%
enough
85%
everybody's
85%
Everybody's
85%
ignore
85%
lunch
85%
prescription
85%
same
85%
shit
85%
shitty
85%
skip
85%
started
85%
wall
85%
wrong
85%
all
80%
boys
80%
'Cause
80%
feel
80%
hated
80%
I'd
80%
insecure
80%
looks
80%
missin'
80%
poster
80%
see
80%
still
80%
things
80%
around
75%
battle
75%
bring
75%
don't
75%
even
75%
head
75%
know
75%
me
75%
never
75%
war
75%
why
75%
win
75%
you'd
75%
you'll
75%
can
70%
everythin'
70%
magazines
70%
Outro No
70%
time
70%
tryna
70%
buy
65%
they
65%
clothes
60%
fucking
60%
life
60%
told
60%
whole
60%
just
55%
like
55%
matters
55%
none
55%
phone
55%
anyway
50%
fix
50%
ideal
50%
it'll
50%
again
45%
over
45%
chased
40%
dumb
40%
ends
35%
No matching quizzes found
Score Distribution
Percent of People with Each Score
Percentile by Number Answered
Your Score History
You have not taken this quiz since the last reset